[Event "Kathmandu Open 2018"]
[Site "Kathmandu"]
[Date "2018.04.17"]
[Round "9"]
[White "Nepali, Badrilal"]
[Black "Srijit Paul"]
[Result "0-1"]
[WhiteElo "2020"]
[BlackElo "2351"]
[Annotator "TA"]
[PlyCount "62"]
[EventDate "2018.??.??"]
[EventType "swiss"]
[EventCountry "NEP"]
[SourceTitle "playchess.com"]
[Source "ChessBase"]
[SourceQuality "1"]

{[%evp 15,62,39,43,21,24,-1,0,0,0,-34,-8,-28,-20,-28,-17,-20,-32,-47,-16,-27,-29,-51,-50,-66,-54,-85,-65,-60,-55,-72,-65,-79,-71,-79,-35,-123,-89,-75,-61,-67,-59,-645,-288,-300,-268,-729,-759,-1039,-954]} 1. Nf3 f5 2. c4 Nf6 3. Nc3 g6 4. g3 Bg7 5. Bg2 O-O 6. O-O d6 7. d4 {[%cal Bd2d4,Bd4d5][%mdl 32]} e6 8. Qc2 Nc6 {LiveBook: 82 Games} 9. Bg5 {A87: Dutch Defence: Leningrad System: 5 Nf3} (9. Rd1 Qe7 10. a3 e5 11. dxe5 Nxe5 12. b3 c6 13. Bb2 Be6 14. Ng5 Bd7 15. Qd2 h6 16. Nf3 Nf7 17. e3 {½-½ (73) Pantsulaia,L (2607)-Sanikidze,T (2510) Tbilisi 2017}) 9... h6 10. Bxf6 Qxf6 11. d5 $146 {The position is equal.} ({Find the theoretical novelty and annotate with similar games:} 11. Rad1 g5 12. e3 Nd8 13. Nd2 c6 14. c5 d5 15. f4 g4 16. b4 h5 17. Rfe1 Qe7 18. Nb3 {½-½ (18) Granara Barreto,S (2364)-Escofet Fernandez,J (2304) Montevideo 2003}) 11... Nb4 {[%cal Bc6b4,Bb4a6,Ba6c5][%mdl 32]} 12. Qb3 Na6 13. dxe6 Nc5 14. Qc2 {[#] Strongly threatening Nd5.} Bxe6 15. Nd2 c6 16. e3 Bf7 17. Rac1 a5 $36 {[%mdl 2048] Black has some pressure.} 18. b3 g5 19. a3 Bg6 20. f4 Rae8 21. Rfe1 Na6 22. Nf3 Re7 23. Na4 $1 Rfe8 24. Qd2 Bf7 25. Kf2 ({White should play} 25. Kh1 $15) 25... b5 26. cxb5 cxb5 {[%cal Bc6b5,Bb5b4][%mdl 32]} 27. Nb6 $1 Nc5 28. Nd4 $2 {[%mdl 8192]} (28. Rxc5 $15 dxc5 29. Nd5 Bxd5 30. Qxd5+ Qe6 31. Qxc5) 28... Rxe3 (28... gxf4 $142 29. gxf4 {[#]} Rxe3 $1 {[%mdl 512]} 30. Rxe3 Qxd4) 29. Rxe3 $19 Qxd4 30. Qxd4 $2 (30. Rd1 Rxe3 31. Qxd4 Bxd4 32. Rxd4 Rxb3 33. Nc8) 30... Bxd4 31. Rcc3 b4 {Precision: White = 37%, Black = 42%.} ({Not} 31... Bxe3+ 32. Rxe3 Ne4+ 33. Bxe4 $17) 0-1

[Event "Kathmandu Open 2018"]
[Site "Kathmandu"]
[Date "2018.04.17"]
[Round "9"]
[White "Shrestha, Rajendra Prasad"]
[Black "Deshmukh, Anup"]
[Result "0-1"]
[WhiteElo "1822"]
[BlackElo "2282"]
[Annotator "TA"]
[PlyCount "88"]
[EventDate "2018.??.??"]
[EventType "swiss"]
[EventCountry "NEP"]
[SourceTitle "playchess.com"]
[Source "ChessBase"]
[SourceQuality "1"]

{[%evp 11,88,26,52,45,47,29,41,53,61,-81,-87,-145,-138,-183,-141,-177,-175,-215,-223,-217,-226,-215,-206,-296,-154,-152,110,-48,-80,-807,-136,-466,-444,-449,-441,-436,-354,-513,-518,-488,-262,-308,0,-372,-340,-348,-344,-615,-302,-736,-732,-782,-777,-748,-760,-735,-679,-823,-816,-788,-693,-727,-723,-920,-950,-910,-921,-922,-891,-938,-919,-839,-868,-969,-955,-29975,-29976,-6628,-6536]} 1. e4 d6 2. d4 g6 3. Nf3 Bg7 4. Be3 Nf6 5. Nc3 O-O 6. Qd2 Ng4 {LiveBook: 24 Games} 7. Bf4 {B08: Pirc Defence: Classical System} (7. Bg5 h6 8. Bh4 c6 9. h3 Nf6 10. O-O-O b5 11. e5 b4 12. exf6 bxc3 13. Qxc3 exf6 14. Bg3 Re8 15. Bd3 {1-0 (34) Azarov,S (2635)-Solomon,K (2399) Cappelle-la-Grande 2015}) 7... e5 8. Bg5 f6 9. Bc4+ {White is slightly better.} Kh8 {[#] Threatens to win with ...exd4.} 10. h3 (10. Bh4 $1 $14 {stays ahead.}) 10... Nxf2 $17 11. Kxf2 $146 ({White should play} 11. Qxf2 fxg5 12. d5) ({Predecessor:} 11. O-O exd4 12. Nxd4 fxg5 13. Rxf2 Rxf2 14. Qxf2 Qf6 15. Qxf6 Bxf6 {1-0 (34) Konnyu,J (2210)-Piroska,I (2198) Aggtelek 2004}) 11... fxg5 12. dxe5 Bxe5 13. Ke2 Nc6 14. Qxg5 Nd4+ 15. Kd1 Qxg5 (15... Nxf3 16. Qxd8 Rxd8 17. gxf3 $17) 16. Nxg5 Rf2 {Hoping for ...Bf6.} 17. Nd5 (17. Rf1 $142 Rxg2 18. Rf8+ Kg7 19. Rg8+ Kh6 20. Nf7+ Kh5 21. Nxe5 Rg1+ 22. Kd2 Rxa1 23. Nf7) 17... Nxc2 (17... Rxg2 18. Nf7+ Kg7 19. Nxe5 $17) (17... Rxc2 18. Nxc7 Rb8 19. Nf7+ Kg7 20. Rc1 $19) (17... c6 $19 18. Nc7 Bf4 19. Nf7+ Kg7) 18. Rc1 Ne3+ $2 (18... Nd4 $17 {and life is bright. And now ...c6 would win.} 19. Rf1 (19. Nxc7 Bf4 $17) 19... Rxf1+ 20. Bxf1 c6 21. Nf7+ Kg7 22. Nxe5 dxe5) 19. Ke1 $2 ({White has to play} 19. Nxe3 $16 {Strongly threatening Ng4.} Bf4 20. Nf7+ Kg7 21. Re1) 19... Bg3 $15 {[%cal Rf2g2] [#]} 20. Be2 $2 {[%mdl 8192]} (20. Nxe3 $17 h6 21. Rf1 (21. Nf1 Rc2+ 22. Kd1 Rxc1+ 23. Kxc1 Bf4+ 24. Kc2 Bxg5 $17) 21... Rxf1+ 22. Kxf1 hxg5 23. Ke2) 20... c6 $2 (20... Rxg2+ $19 21. Kd2 Nxd5) 21. Nc7 $2 {[%mdl 8192]} (21. Nxe3 $17 {nothing else works.} Rf5+ 22. Kd2 Rxg5 23. Rhf1) 21... Nxg2+ 22. Kd1 Rb8 23. Rc3 Be5 24. Rf3 (24. Rb3 {was worth a try.} d5 25. Rf1 Rxf1+ 26. Bxf1 Bxc7 27. Bxg2) 24... Rxf3 $19 25. Bxf3 Nh4 (25... Nf4 $142 26. Bg4 h6 27. Bxc8 Rxc8) 26. Bg4 Ng2 $2 ({Resist} 26... Bxb2 27. Rf1) (26... Kg8 $19 {aiming for ...d5.} 27. Rf1 Bxg4+ 28. hxg4 Rf8 29. Rxf8+ Kxf8 30. Nxh7+ Ke7) 27. Be2 $2 {[%mdl 8192]} (27. Bf3 $1 $11 {and White has nothing to worry.}) 27... b5 {[%cal Bb7b5,Bb5a4][%mdl 32]} 28. Kc2 Kg8 29. h4 $2 (29. Rg1 Nf4 30. Bg4) 29... h5 (29... Nf4 $142 30. Re1 d5 31. Nxd5 cxd5 32. exd5 Bf5+ 33. Kb3 Bf6) 30. a4 $2 (30. Nge6) 30... Nf4 31. Re1 Nxe2 32. Rxe2 bxa4 33. Kc1 Bd7 34. Nce6 Re8 35. Nc7 Rf8 36. Rg2 Rf4 37. Na6 Rxh4 38. Nf3 Bf4+ 39. Kc2 Rg4 40. Rf2 g5 41. Nb4 Be3 42. Re2 Rxe4 43. Nxg5 Bxg5 44. Rxe4 Bf5 {Precision: White = 17%, Black = 48%.} 0-1